| 000 | 00643nam a2200181 i 4500 | ||
|---|---|---|---|
| 001 | 79507 | ||
| 003 | ES-MaACL | ||
| 005 | 20230906174007.0 | ||
| 007 | t| | ||
| 008 | 041021s1922 gw ||||1| ger d | ||
| 100 | 1 |
_aHerbart, Johann Friedrich. _9147761 |
|
| 245 | 1 | 0 |
_aPèadagogische Schriften / _cJohan Friedrich Herbart ; mit Herbart's Biographie herausgegeben von Griedr[ich] Bartholomèai ; Achte auflage ... von E. von Sallwürk. |
| 260 |
_aLangensalza : _bHermann Beyer, _c1922. |
||
| 300 |
_a2 v. ; _c22 cm. |
||
| 700 | 1 |
_aGriedrich, Bartholomèai. _9127561 |
|
| 700 | 1 |
_aSalwürk, E. von. _9102142 |
|
| 852 |
_aES-MaACL _jG-15166-15167 |
||
| 999 |
_c79507 _d79507 |
||